[Event "World Rapid 2019"]
[Site "Moscow RUS"]
[Date "2019.12.27"]
[Round "9.9"]
[White "Rakhmanov, Aleksandr"]
[Black "Artemiev, Vladislav"]
[Result "1/2-1/2"]
[WhiteTitle "GM"]
[BlackTitle "GM"]
[WhiteElo "2645"]
[BlackElo "2731"]
[WhiteFideId "4173708"]
[BlackFideId "24101605"]
[EventDate "2019.12.26"]

1. d4 Nf6 2. c4 g6 3. Nc3 d5 4. Nf3 Bg7 5. cxd5 Nxd5 6. Qa4+ Nc6 7. e4 Nb6 8.
Qc2 O-O 9. d5 Nb8 10. Be3 c6 11. Rd1 cxd5 12. Nxd5 Nxd5 13. Rxd5 Qe8 14. Bb5 Bd7
15. Bxd7 Nxd7 16. O-O Rc8 17. Qb3 b6 18. Rdd1 Nc5 19. Qb4 Qc6 20. e5 h6 21. b3
Rfd8 22. h3 e6 23. Rxd8+ Rxd8 24. Bxc5 bxc5 25. Qc4 Rd5 26. Qe2 Qc7 27. Re1 Qb8
28. Qe4 Qb4 29. Qe2 Qc3 30. h4 a5 31. Qe4 Rd3 32. Kh2 Rd5 33. Re2 Qa1 34. Kg3
Qc3 35. Kh2 Qb4 36. Qxb4 cxb4 37. Kg3 Bf8 38. Rc2 Bc5 39. Rd2 Kf8 40. Rc2 Kg7
41. Rd2 Kf8 42. Rc2 Kg7 43. Rd2 Kf8 1/2-1/2

[Event "World Rapid 2019"]
[Site "Moscow RUS"]
[Date "2019.12.27"]
[Round "9.12"]
[White "Grachev, Boris"]
[Black "Karjakin, Sergey"]
[Result "1/2-1/2"]
[WhiteTitle "GM"]
[BlackTitle "GM"]
[WhiteElo "2614"]
[BlackElo "2754"]
[WhiteFideId "4129199"]
[BlackFideId "14109603"]
[EventDate "2019.12.26"]

1. Nf3 d5 2. d4 Nf6 3. Bf4 c5 4. e3 Nc6 5. Nbd2 e6 6. c3 Bd6 7. Bg3 O-O 8. Bb5
Ne7 9. Bd3 Qb6 10. Rb1 Bd7 11. Ne5 Bb5 12. c4 dxc4 13. Nexc4 Bxc4 14. Nxc4 Qb4+
15. Kf1 Bxg3 16. a3 Qb5 17. Ne5 Qb6 18. hxg3 Ng6 19. Nxg6 hxg6 20. dxc5 Qxc5 21.
Qc2 Qd5 22. Rc1 Rad8 23. Be2 g5 24. Bf3 Qe5 25. g4 g6 26. g3 Kg7 27. Kg2 b6 28.
Rhd1 Rfe8 29. b4 Rxd1 30. Rxd1 Re7 31. Qc8 Qc7 32. Rc1 Qxc8 33. Rxc8 Rd7 34. a4
Rd2 35. Rc7 Rd7 36. Rc4 Kf8 37. a5 bxa5 38. bxa5 Ke7 39. Rc5 Kd6 40. Rc6+ Ke7
41. Rc5 Kd6 42. Rc6+ Ke5 1/2-1/2

[Event "World Rapid 2019"]
[Site "Moscow RUS"]
[Date "2019.12.27"]
[Round "9.13"]
[White "Andreikin, Dmitry"]
[Black "Petrov, Nikita"]
[Result "1-0"]
[WhiteTitle "GM"]
[BlackTitle "GM"]
[WhiteElo "2724"]
[BlackElo "2585"]
[WhiteFideId "4158814"]
[BlackFideId "4101286"]
[EventDate "2019.12.26"]

1. d4 Nf6 2. c4 e6 3. Nf3 d5 4. e3 b6 5. Nc3 Bb7 6. cxd5 exd5 7. Bb5+ c6 8. Bd3
Nbd7 9. O-O Be7 10. Ne5 O-O 11. f4 c5 12. Qf3 cxd4 13. exd4 Ne4 14. Nxe4 Nxe5
15. Nf6+ Bxf6 16. fxe5 Be7 17. Bh6 Bc8 18. Qg3 g6 19. Bxf8 Bxf8 20. Rac1 Be6 21.
Bf5 Be7 22. Bxe6 fxe6 23. Qg4 Qd7 24. h4 Kg7 25. h5 g5 26. h6+ Kg6 27. Rc3 1-0

[Event "World Rapid 2019"]
[Site "Moscow RUS"]
[Date "2019.12.27"]
[Round "9.15"]
[White "Salem, A.R. Saleh"]
[Black "Predke, Alexandr"]
[Result "1/2-1/2"]
[WhiteTitle "GM"]
[BlackTitle "GM"]
[WhiteElo "2675"]
[BlackElo "2676"]
[WhiteFideId "9301348"]
[BlackFideId "24107581"]
[EventDate "2019.12.26"]

1. d4 Nf6 2. c4 e6 3. Nc3 Bb4 4. e3 O-O 5. Bd3 d5 6. cxd5 exd5 7. Ne2 Re8 8. Bd2
a5 9. O-O Na6 10. Rc1 Bf8 11. a3 c6 12. f3 c5 13. Kh1 h5 14. Bb1 b6 15. Nf4 Nc7
16. Na4 Na6 17. Nc3 Nc7 18. dxc5 bxc5 19. e4 Bb7 20. exd5 Ncxd5 21. Ncxd5 Nxd5
22. Qc2 g6 23. Nxg6 fxg6 24. Qxg6+ Bg7 25. Qh7+ Kf8 26. Bh6 Qf6 27. Bg6 Re6 28.
Rfe1 Qxg6 29. Qxg7+ Qxg7 30. Rxe6 Kf7 31. Bxg7 Kxe6 32. Rxc5 a4 33. h4 Rg8 34.
Bh6 Kd6 35. Rc2 Ba6 36. Kh2 Rb8 37. Rd2 Rb3 38. Bg7 Bd3 39. Bc3 Nxc3 40. Rxd3+
Nd5 41. Rd4 Rxb2 42. Rxa4 Ne3 43. Ra6+ Ke5 44. Ra5+ Kf4 45. Ra4+ Kf5 46. Ra5+
Kg6 47. Rg5+ Kh6 48. Kh3 Ra2 49. g4 Nf1 50. gxh5 Rxa3 51. Kg2 Ne3+ 52. Kf2 Nc2
53. Rd5 Nb4 54. Rb5 Nd3+ 55. Kg3 Ne1 56. Rf5 Ra2 57. Re5 Rg2+ 58. Kh3 Rg1 59.
Re3 Kxh5 60. Kh2 Rf1 61. Kg3 Nc2 62. Re5+ Kg6 63. Re4 Rd1 64. Rg4+ Kh5 65. Rg5+
Kh6 66. Re5 Nd4 67. Re4 Nf5+ 68. Kg4 Ng7 69. Kg3 Rd2 70. Ra4 Nh5+ 71. Kh3 Nf6
72. Kg3 Kg6 73. Ra6 Rd5 74. Ra4 Kf5 75. Kf2 Rb5 76. Ra2 Rb4 77. Ra5+ Kf4 78. Ra2
Nd7 79. Re2 Nc5 80. Kg2 Rb8 81. Rc2 Rg8+ 82. Kf2 Nd3+ 83. Ke2 Ne5 84. Kf2 Rg3
85. Rc8 Rxf3+ 86. Ke2 Rh3 87. Kd2 Ke4 88. Re8 Rxh4 89. Kc3 Rh7 90. Kd2 Rc7 91.
Re6 Rc8 92. Re7 Kd4 93. Rh7 Nf3+ 94. Ke2 Ke4 95. Re7+ Ne5 96. Kd2 Rd8+ 97. Kc3
Rd3+ 98. Kc2 Rh3 99. Re8 Kd4 100. Rd8+ Ke3 101. Re8 Ke4 102. Kd2 Rh7 103. Kc3
Rc7+ 104. Kd2 Rc6 105. Re7 Kd4 106. Re8 Rd6 107. Ke2 Rh6 108. Rd8+ Ke4 109. Kd2
Rc6 110. Re8 Rc7 111. Re6 Rc8 112. Re7 Kd4 113. Rh7 Nc4+ 114. Ke2 Re8+ 115. Kf2
Ne5 116. Ke2 Nc4+ 117. Kf2 Ne5 118. Ke2 Nd3+ 119. Kd2 Nc5 120. Rh4+ Ne4+ 121.
Ke2 Rf8 122. Rh3 Rf2+ 123. Ke1 Rg2 124. Ra3 Nc3 125. Kf1 Rc2 126. Ra8 Ke3 127.
Rf8 Ne4 128. Kg1 Ng5 129. Re8+ Kf3 130. Rf8+ Ke3 131. Re8+ Ne4 132. Rf8 Rc6 133.
Kg2 Rg6+ 134. Kh3 Nf6 135. Ra8 Kf4 136. Ra4+ Ne4 137. Kh2 Rc6 138. Kg2 Rc2+ 139.
Kh3 Rb2 140. Rc4 Rb3+ 141. Kg2 Rg3+ 142. Kh2 Re3 143. Ra4 Kg4 144. Kg2 Kf4 1/2-1/2

[Event "World Rapid 2019"]
[Site "Moscow RUS"]
[Date "2019.12.27"]
[Round "9.16"]
[White "Sargissian, Gabriel"]
[Black "Najer, Evgeniy"]
[Result "1-0"]
[WhiteTitle "GM"]
[BlackTitle "GM"]
[WhiteElo "2689"]
[BlackElo "2661"]
[WhiteFideId "13300881"]
[BlackFideId "4118987"]
[EventDate "2019.12.26"]

1. d4 Nf6 2. c4 e6 3. Nf3 Bb4+ 4. Bd2 c5 5. Bxb4 cxb4 6. g3 b6 7. Bg2 Bb7 8. O-O
a5 9. Qd3 O-O 10. Nbd2 d5 11. Rfc1 dxc4 12. Nxc4 Be4 13. Qe3 Nc6 14. Ncd2 Bd5
15. Qd3 Ne7 16. a3 bxa3 17. bxa3 Rc8 18. Rab1 Rxc1+ 19. Rxc1 h6 20. Ne5 Bxg2 21.
Kxg2 Nd7 22. Nef3 Qb8 23. Qb5 Rd8 24. Nc4 Qc7 25. Rc2 Rc8 26. Ne3 Qb7 27. Rxc8+
Nxc8 28. d5 Nd6 29. Qc6 Qxc6 30. dxc6 Nc5 31. Ne5 b5 32. c7 Kf8 33. Nc6 Ke8 34.
Nb8 Ke7 35. Nc2 Nb3 36. e4 Nc8 37. e5 f6 38. f4 fxe5 39. fxe5 Nc5 40. Kf3 Nd7
41. Ke4 Nc5+ 42. Kd4 Nb3+ 43. Ke3 Ke8 44. Nd4 1-0

[Event "World Rapid 2019"]
[Site "Moscow RUS"]
[Date "2019.12.27"]
[Round "9.17"]
[White "Antipov, Mikhail Al."]
[Black "Tomashevsky, Evgeny"]
[Result "1-0"]
[WhiteTitle "GM"]
[BlackTitle "GM"]
[WhiteElo "2549"]
[BlackElo "2705"]
[WhiteFideId "4107012"]
[BlackFideId "4147235"]
[EventDate "2019.12.26"]

1. e4 e5 2. Nf3 Nc6 3. Bc4 Bc5 4. O-O Nf6 5. d3 d6 6. c3 a6 7. a4 Ba7 8. Re1 O-O
9. h3 Be6 10. Bxe6 fxe6 11. Be3 Bxe3 12. Rxe3 Qe8 13. b4 Nh5 14. Nbd2 Nf4 15. g3
Qg6 16. Kh2 Nh5 17. b5 Na5 18. d4 exd4 19. cxd4 Rf7 20. e5 Raf8 21. Rc1 axb5 22.
axb5 b6 23. Qe2 dxe5 24. dxe5 Nb7 25. Ne4 Qh6 26. Rc6 Nd8 27. Rc2 Rd7 28. Rd3
Re7 29. Rdc3 Qg6 30. Rxc7 Rxc7 31. Rxc7 Qf5 32. Rc3 Nf7 33. g4 Qf4+ 34. Kg2 Qxe5
35. gxh5 Qxh5 36. Ng3 Qd5 37. Qc4 1-0

[Event "World Rapid 2019"]
[Site "Moscow RUS"]
[Date "2019.12.27"]
[Round "9.18"]
[White "Meier, Georg"]
[Black "Adhiban, Baskaran"]
[Result "0-1"]
[WhiteTitle "GM"]
[BlackTitle "GM"]
[WhiteElo "2626"]
[BlackElo "2654"]
[WhiteFideId "4675789"]
[BlackFideId "5018471"]
[EventDate "2019.12.26"]

1. Nf3 Nf6 2. g3 g6 3. Bg2 Bg7 4. O-O O-O 5. d4 d6 6. b3 b5 7. Nbd2 Bb7 8. c4
bxc4 9. bxc4 Nbd7 10. Rb1 Qc8 11. Qb3 Ba6 12. Qc2 c5 13. d5 Nb6 14. Rb3 e6 15.
dxe6 Qxe6 16. Re3 Qd7 17. Ra3 Bb7 18. Bb2 Rfe8 19. e3 Bc6 20. Rb1 Rab8 21. h3
Na4 22. Bxf6 Bxf6 23. Ne1 Rxb1 24. Nxb1 Bxg2 25. Kxg2 Nb6 26. Nf3 Re7 27. Nbd2
d5 28. cxd5 Qxd5 29. Ra5 Rc7 30. Qb3 c4 31. Qxb6 Qxf3+ 32. Kxf3 axb6 33. Ra8+
Kg7 34. Ke2 Bb2 35. Rb8 c3 36. Rxb6 c2 37. Nb3 Rc3 0-1

[Event "World Rapid 2019"]
[Site "Moscow RUS"]
[Date "2019.12.27"]
[Round "9.19"]
[White "Vitiugov, Nikita"]
[Black "Anton Guijarro, David"]
[Result "0-1"]
[WhiteTitle "GM"]
[BlackTitle "GM"]
[WhiteElo "2747"]
[BlackElo "2685"]
[WhiteFideId "4152956"]
[BlackFideId "2285525"]
[EventDate "2019.12.26"]

1. c4 f5 2. Nf3 Nf6 3. Nc3 g6 4. d3 Bg7 5. e4 fxe4 6. dxe4 O-O 7. e5 Nh5 8. Bg5
Nc6 9. Qd2 d6 10. exd6 cxd6 11. Be2 Kh8 12. O-O Bg4 13. Be3 Bxf3 14. Bxf3 Rxf3
15. gxf3 Qd7 16. f4 Qg4+ 17. Kh1 Qf3+ 18. Kg1 Nd4 19. Qd1 Qh3 20. f3 Nf5 21. Qd2
Rf8 22. Rae1 Nh4 23. Qf2 Nf5 24. Qg2 Qh4 25. Bxa7 Nxf4 26. Qg4 Qh6 27. Kh1 Nd3
28. Re2 Ne5 29. Qg2 Nh4 30. Qh3 g5 31. Bd4 Qh5 32. Ne4 Nexf3 33. Bxg7+ Kxg7 34.
Ng3 Qf7 35. Qe6 Qxe6 36. Rxe6 Ng6 37. Nh5+ Kh6 38. Ng3 Kg7 39. h3 Rf7 40. b3
Nfe5 41. Nh5+ Kf8 42. Rg1 Rf2 43. Rxg5 Kf7 44. Rexe5 dxe5 45. Rg2 Rf3 46. Kh2
Nf4 47. Rg7+ Ke6 48. Rxh7 Rxh3+ 0-1

[Event "World Rapid 2019"]
[Site "Moscow RUS"]
[Date "2019.12.27"]
[Round "9.20"]
[White "Jobava, Baadur"]
[Black "Riazantsev, Alexander"]
[Result "1/2-1/2"]
[WhiteTitle "GM"]
[BlackTitle "GM"]
[WhiteElo "2604"]
[BlackElo "2639"]
[WhiteFideId "13601520"]
[BlackFideId "4125029"]
[EventDate "2019.12.26"]

1. b3 d5 2. Bb2 Nf6 3. e3 c5 4. f4 g6 5. Nf3 Bg7 6. Be2 O-O 7. O-O Nc6 8. Ne5
Bd7 9. Bf3 Rc8 10. Nc3 Be8 11. Ne2 e6 12. Rb1 Ne4 13. Nxc6 Bxc6 14. Bxg7 Kxg7
15. d3 Nd6 16. Qd2 b6 17. a3 Qe7 18. b4 Ba8 19. a4 cxb4 20. Rxb4 Nf5 21. c3 h5
22. Ra1 Rc5 23. d4 Rc7 24. a5 bxa5 25. Rxa5 Nd6 26. Ra6 Rfc8 27. h3 Bc6 28. Qb2
Nf5 29. Qd2 Qd7 30. Ra5 Nd6 31. Qd3 a6 32. Qxa6 Nc4 33. Rxc4 dxc4 34. Bxc6 Qxc6
35. Qxc6 Rxc6 36. Kf2 Rb6 37. e4 Rb2 38. Ke3 h4 39. e5 Rc2 40. d5 exd5 41. Rxd5
Ra8 42. Rd1 Raa2 43. Re1 Rd2 44. Kf3 Rd3+ 45. Ke4 Rc2 46. f5 gxf5+ 47. Kf4 Kg6
48. Nd4 Rf2+ 49. Nf3 Rxc3 50. e6 fxe6 51. Rxe6+ Kf7 52. Rc6 Rxg2 53. Ne5+ Ke7
54. Kxf5 Rxh3 55. Rxc4 Rh1 56. Ng6+ Kd6 57. Rd4+ Kc5 58. Rxh4 Ra1 59. Nf4 Rg8
60. Ne6+ Kc6 61. Rc4+ Kb5 62. Rc5+ Kb6 63. Kf6 Rg2 64. Rg5 Rf1+ 65. Rf5 Re1 66.
Re5 Rh1 67. Nf4 Rf2 68. Rf5 Kc6 69. Ng6 Ra2 70. Ne7+ Kd7 71. Rd5+ Ke8 72. Nf5
Ra6+ 73. Rd6 Rxd6+ 74. Nxd6+ Kd7 75. Nf5 Rf1 76. Ke5 Rxf5+ 1/2-1/2

[Event "World Rapid 2019"]
[Site "Moscow RUS"]
[Date "2019.12.27"]
[Round "9.22"]
[White "Amin, Bassem"]
[Black "Zhigalko, Sergei"]
[Result "0-1"]
[WhiteTitle "GM"]
[BlackTitle "GM"]
[WhiteElo "2683"]
[BlackElo "2571"]
[WhiteFideId "10601457"]
[BlackFideId "13502956"]
[EventDate "2019.12.26"]

1. Nf3 d5 2. g3 c6 3. Bg2 Bg4 4. O-O e6 5. b3 Nf6 6. Bb2 Be7 7. d3 O-O 8. Nbd2
a5 9. a3 Nbd7 10. h3 Bh5 11. e4 Qb6 12. Qe2 Rfd8 13. Rfe1 h6 14. Rab1 Qa6 15. e5
Ne8 16. Nf1 Rac8 17. g4 Bg6 18. Ng3 a4 19. b4 b6 20. h4 c5 21. h5 Bh7 22. bxc5
bxc5 23. Bc1 c4 24. d4 Rb8 25. Ra1 Qa5 26. g5 Qc3 27. Ra2 Bxg5 28. Bxg5 hxg5 29.
Nxg5 Nf8 30. Rd1 Rb2 31. Rxb2 Qxb2 32. Nxh7 Nxh7 33. h6 g6 34. Qd2 Rb8 35. Ne2
Qxa3 36. Nc3 Rb2 37. f4 Qb4 38. f5 gxf5 39. Kh1 a3 40. Rg1 Kf8 41. Qe3 Rxc2 42.
Nxd5 exd5 43. e6 Qe7 44. Qg3 Qg5 45. Qxa3+ Qe7 46. Qg3 Qxe6 47. Qf4 Qd6 48. Qh4
Qf6 49. Qf4 Rf2 50. Bf3 Rxf3 51. Qxf3 Qxh6+ 52. Kg2 Qd2+ 53. Kg3 Qg5+ 54. Kf2
Qd2+ 55. Kf1 Qd3+ 56. Qxd3 cxd3 57. Rg3 Nhf6 58. Rxd3 Ke7 59. Ra3 Nc7 60. Ra7
Kd6 61. Ke2 Nd7 62. Kd3 Nf8 63. Rb7 Kc6 64. Rb8 Nfe6 65. Rh8 Kd6 66. Ke3 Nb5 0-1

[Event "World Rapid 2019"]
[Site "Moscow RUS"]
[Date "2019.12.27"]
[Round "9.23"]
[White "Alekseenko, Kirill"]
[Black "Smirin, Ilia"]
[Result "1/2-1/2"]
[WhiteTitle "GM"]
[BlackTitle "GM"]
[WhiteElo "2704"]
[BlackElo "2607"]
[WhiteFideId "4135539"]
[BlackFideId "2801990"]
[EventDate "2019.12.26"]

1. e4 c5 2. Nf3 e6 3. d4 cxd4 4. Nxd4 a6 5. Nc3 Qc7 6. Be2 Nf6 7. O-O Nc6 8. Be3
d6 9. f4 Be7 10. a4 O-O 11. Bf3 Na5 12. Kh1 Nc4 13. Bc1 e5 14. Nde2 exf4 15.
Nxf4 Be6 16. Ncd5 Bxd5 17. Nxd5 Nxd5 18. Qxd5 Bf6 19. c3 Rfe8 20. Be2 Rac8 21.
Qf5 Re6 22. Bd3 Ne5 23. Bc2 Qc4 24. Bf4 g6 25. Qh3 Bg7 26. Rad1 Rce8 27. Qg3 h5
28. h3 Qa2 29. Bc1 Qc4 30. Rf2 Rf6 31. Bf4 Qe6 32. Rdf1 Rc8 33. Qh4 b5 34. Bxe5
Rxf2 35. Qxf2 Bxe5 36. Qa7 Qc4 37. Rf3 bxa4 38. Bd3 Qb3 39. Qxa6 Rf8 40. Rf2
Qd1+ 41. Rf1 Qd2 42. Bc4 Qxb2 43. Qxa4 Qxc3 44. Rxf7 Rxf7 45. Qe8+ Kg7 46. Qxf7+
Kh6 47. Qf8+ Kg5 48. Bf1 Qg3 49. Qd8+ Kf4 50. Qf8+ Ke3 51. Qf3+ Qxf3 52. gxf3
Kxf3 53. Bc4 Kxe4 54. Bf7 Kf5 55. Kg2 Kf6 56. Bb3 g5 57. Bd1 h4 58. Bg4 Bf4 59.
Kf3 Ke5 60. Ke2 Kd4 61. Kd1 d5 62. Bf5 Ke3 63. Bg4 1/2-1/2

[Event "World Rapid 2019"]
[Site "Moscow RUS"]
[Date "2019.12.27"]
[Round "9.24"]
[White "Dreev, Aleksey"]
[Black "Mamedov, Rauf"]
[Result "1-0"]
[WhiteTitle "GM"]
[BlackTitle "GM"]
[WhiteElo "2677"]
[BlackElo "2659"]
[WhiteFideId "4100107"]
[BlackFideId "13401653"]
[EventDate "2019.12.26"]

1. d4 d5 2. Nf3 Nf6 3. c4 e6 4. Nc3 Nbd7 5. Qc2 c5 6. cxd5 Nxd5 7. Nxd5 exd5 8.
dxc5 Nxc5 9. Bg5 Qb6 10. Be3 Qb4+ 11. Bd2 Qe4 12. Rc1 Be7 13. g3 O-O 14. Bg2 b6
15. O-O Ba6 16. Rfe1 Rac8 17. Qd1 d4 18. Bf4 Bf6 19. b4 Ne6 20. Ng5 Rxc1 21.
Qxc1 Qg6 22. Be4 Qh5 23. Nxh7 Rc8 24. Nxf6+ gxf6 25. Qd2 Kg7 26. a4 Nxf4 27.
Qxf4 Bxe2 28. Bf5 Re8 29. Bg4 Bxg4 30. Rxe8 Bh3 31. f3 Qg6 32. Qe4 Qg5 33. Qf4
Qg6 34. Re4 d3 35. Kf2 Bd7 36. Rd4 Be6 37. h4 a5 38. bxa5 bxa5 39. g4 d2 40.
Rxd2 Qb1 41. g5 f5 42. h5 Qh1 43. Qe5+ Kh7 44. g6+ Kh6 45. Qf4+ Kg7 46. h6+ Kxg6
47. Qg3+ Kxh6 48. Rd8 Qa1 49. Qh4+ 1-0

[Event "World Rapid 2019"]
[Site "Moscow RUS"]
[Date "2019.12.27"]
[Round "9.25"]
[White "Laznicka, Viktor"]
[Black "Bartel, Mateusz"]
[Result "1/2-1/2"]
[WhiteTitle "GM"]
[BlackTitle "GM"]
[WhiteElo "2648"]
[BlackElo "2634"]
[WhiteFideId "316385"]
[BlackFideId "1112635"]
[EventDate "2019.12.26"]

1. d4 d5 2. c4 c6 3. Nf3 Nf6 4. e3 Bf5 5. Nc3 e6 6. Nh4 Be4 7. f3 Bg6 8. g3 Nbd7
9. Nxg6 hxg6 10. cxd5 cxd5 11. Bd3 a6 12. f4 b5 13. Qf3 Nb6 14. b3 Bb4 15. Bd2
Qe7 16. O-O O-O 17. g4 Rfc8 18. Rac1 Rc7 19. g5 Ne8 20. Nb1 Rac8 21. Qe2 Bxd2
22. Rxc7 Bxe3+ 23. Qxe3 Qxc7 24. Nd2 Nd6 25. Nf3 Qc3 26. Qe2 Ne4 27. Kg2 Qb4 28.
h4 Nd7 29. Bxe4 dxe4 30. Qxe4 Qc3 31. Rf2 Qc6 1/2-1/2

[Event "World Rapid 2019"]
[Site "Moscow RUS"]
[Date "2019.12.27"]
[Round "9.26"]
[White "Xu, Yinglun"]
[Black "Chigaev, Maksim"]
[Result "0-1"]
[WhiteTitle "GM"]
[BlackTitle "GM"]
[WhiteElo "2555"]
[BlackElo "2631"]
[WhiteFideId "8604940"]
[BlackFideId "4108116"]
[EventDate "2019.12.26"]

1. d4 Nf6 2. c4 g6 3. Nc3 Bg7 4. e4 d6 5. Be2 O-O 6. Nf3 Na6 7. O-O e5 8. Re1 c6
9. d5 c5 10. Bg5 Bd7 11. a3 Kh8 12. Qd2 Qe8 13. Rab1 Ng8 14. Nb5 f6 15. Be3 Qe7
16. b4 b6 17. bxc5 Nxc5 18. Bxc5 bxc5 19. Qa5 f5 20. Bd3 fxe4 21. Bxe4 Bxb5 22.
Qxb5 Bh6 23. Qb7 Qxb7 24. Rxb7 Nf6 25. Bc2 Rab8 26. Rxb8 Rxb8 27. Rb1 Re8 28.
Ne1 e4 29. Ba4 Re7 30. Nc2 e3 31. f3 e2 32. Kf2 Bd2 33. Ne1 Bc3 34. g3 Bd4+ 35.
Kg2 Re3 36. Rb3 Re7 37. Rb8+ Kg7 38. Bc2 g5 39. h3 h5 40. g4 h4 41. Rb3 Be3 42.
Be4 Bd2 43. Kf2 Nxe4+ 44. fxe4 Rxe4 45. Rb2 Bxe1+ 46. Kxe1 Kf6 47. Rb7 a5 48.
Ra7 Ke5 49. Rxa5 Rxc4 50. Kxe2 Rc3 0-1

[Event "World Rapid 2019"]
[Site "Moscow RUS"]
[Date "2019.12.27"]
[Round "9.27"]
[White "Aravindh, Chithambaram VR."]
[Black "Shimanov, Aleksandr"]
[Result "1-0"]
[WhiteTitle "GM"]
[BlackTitle "GM"]
[WhiteElo "2605"]
[BlackElo "2587"]
[WhiteFideId "5072786"]
[BlackFideId "4198603"]
[EventDate "2019.12.26"]

1. d4 Nf6 2. c4 g6 3. Nc3 Bg7 4. e4 O-O 5. Be2 d6 6. Be3 e5 7. d5 Na6 8. g4 Nc5
9. f3 h5 10. g5 Nh7 11. Qd2 f6 12. h4 fxg5 13. hxg5 Rf4 14. Bxf4 exf4 15. Nh3
Bxh3 16. Rxh3 Nxg5 17. Rh2 Be5 18. O-O-O Qf6 19. Rg2 Kh7 20. Kc2 Nf7 21. b4 Nd7
22. Nb5 Rc8 23. Nd4 c5 24. Ne6 b6 25. a3 Rg8 26. Rdg1 Nd8 27. Ng5+ Kh6 28. Bf1
Bd4 29. Rh1 Ne5 30. Be2 Nef7 31. e5 Nxe5 32. Ne4 Qf8 33. Rxh5+ Kg7 34. Rh4 Be3
35. Qe1 Ndf7 36. Rgh2 Qe7 37. Rh7+ Kf8 38. Qf1 Qd7 39. Kb3 Qf5 40. Bd3 Nxd3 41.
Qxd3 Bd4 42. Ka2 Be5 43. bxc5 bxc5 44. Qb3 Qc8 45. Rb2 Bxb2 46. Rxf7+ 1-0

[Event "World Rapid 2019"]
[Site "Moscow RUS"]
[Date "2019.12.27"]
[Round "9.29"]
[White "Sjugirov, Sanan"]
[Black "Suleymanli, Aydin"]
[Result "1-0"]
[WhiteTitle "GM"]
[BlackTitle "IM"]
[WhiteElo "2665"]
[BlackElo "2473"]
[WhiteFideId "4189302"]
[BlackFideId "13413937"]
[EventDate "2019.12.26"]

1. d4 Nf6 2. c4 c5 3. d5 e6 4. Nc3 exd5 5. cxd5 d6 6. e4 g6 7. Nf3 Bg7 8. h3 O-O
9. Be3 Re8 10. Bd3 b5 11. Bxb5 Nxe4 12. Bxe8 Nxc3 13. bxc3 Bxc3+ 14. Nd2 Qxe8
15. O-O Bxa1 16. Qxa1 Qe5 17. Nc4 Qxa1 18. Rxa1 Nd7 19. Nxd6 Nf6 20. Rd1 Ba6 21.
Bxc5 Rd8 22. f3 Kg7 23. a4 Rd7 24. Kf2 h5 25. g4 h4 26. Rd2 Rd8 27. a5 Rd7 28.
Bd4 Rxd6 29. Be5 Rd7 30. g5 Bb7 31. d6 Kf8 32. Bxf6 Bc6 33. Be7+ Ke8 34. Rc2 Bb7
35. Rb2 a6 36. Rb4 Bc8 37. Rb8 1-0

[Event "World Rapid 2019"]
[Site "Moscow RUS"]
[Date "2019.12.27"]
[Round "9.30"]
[White "Murzin, Volodar"]
[Black "Cheparinov, Ivan"]
[Result "0-1"]
[WhiteTitle "IM"]
[BlackTitle "GM"]
[WhiteElo "2442"]
[BlackElo "2687"]
[WhiteFideId "44155573"]
[BlackFideId "2905540"]
[EventDate "2019.12.26"]

1. e4 c5 2. Nf3 d6 3. Bb5+ Nd7 4. O-O a6 5. Bd3 Ngf6 6. Re1 e6 7. c3 b5 8. Bc2
c4 9. b3 Bb7 10. bxc4 bxc4 11. Na3 Qc7 12. Rb1 d5 13. e5 Ng4 14. h3 Nh6 15. d3
cxd3 16. Bxd3 Nc5 17. Nc2 Ne4 18. Ncd4 Nxc3 19. Qc2 Rc8 20. Bxh6 Nxb1 21. Rxb1
gxh6 22. Qa4+ Bc6 23. Qxa6 Bd7 24. Rb7 Qc5 25. Nb3 Qa3 26. Qb6 Bc5 27. Nxc5 Qxc5
28. Qa6 Bc6 29. Rb1 Ra8 30. Qb6 Qxb6 31. Rxb6 Bd7 32. Rb7 Kd8 33. Nd4 Kc8 34.
Rb2 Kc7 35. Kf1 Rhb8 36. Rc2+ Kd8 37. Ke2 Rb4 38. Ke3 Ra3 39. Rd2 Rba4 40. g4
Rxa2 41. Rxa2 Rxa2 42. Bxh7 Ra3+ 43. Bd3 Bc8 44. Nc2 Ra4 45. f4 Ba6 46. Bxa6
Rxa6 47. h4 Ra2 48. Nd4 Ra3+ 49. Kf2 Ke7 50. h5 Rd3 51. Nf3 Kf8 52. f5 exf5 53.
gxf5 d4 54. Kg3 Rd1 55. Kf4 d3 56. Ke3 Ke7 57. Ke4 d2 58. Ke3 Rf1 59. f6+ Ke6
60. Nxd2 Re1+ 61. Kf4 Rxe5 62. Nf3 Rxh5 0-1

[Event "World Rapid 2019"]
[Site "Moscow RUS"]
[Date "2019.12.27"]
[Round "9.31"]
[White "Postny, Evgeny"]
[Black "Korobov, Anton"]
[Result "0-1"]
[WhiteTitle "GM"]
[BlackTitle "GM"]
[WhiteElo "2605"]
[BlackElo "2668"]
[WhiteFideId "2804344"]
[BlackFideId "14105730"]
[EventDate "2019.12.26"]

1. d4 Nf6 2. c4 b6 3. Nf3 e6 4. g3 Bb7 5. Bg2 Be7 6. O-O O-O 7. Re1 Na6 8. Nc3
Ne4 9. Bf4 Qc8 10. Qc2 f5 11. Rad1 Nxc3 12. bxc3 d6 13. h4 h6 14. e4 fxe4 15.
Rxe4 Bxe4 16. Qxe4 Qe8 17. Bh3 e5 18. Qd5+ Kh8 19. dxe5 Nc5 20. e6 c6 21. Qd2
Qh5 22. Nd4 Ne4 23. Qc2 Rxf4 24. gxf4 Bxh4 25. Qxe4 Qxd1+ 26. Kg2 Qd2 27. Qe3
Qxe3 28. fxe3 Kg8 29. Nxc6 Kf8 30. Kf3 a6 31. Ke4 b5 32. Kd5 Be7 33. e4 h5 34.
c5 dxc5 35. Ne5 c4 36. f5 h4 37. Nd7+ Ke8 38. e5 b4 39. f6 gxf6 40. exf6 bxc3
41. Bf5 h3 42. f7+ Kd8 43. Ne5 h2 44. Be4 Rc8 0-1

[Event "World Rapid 2019"]
[Site "Moscow RUS"]
[Date "2019.12.27"]
[Round "9.33"]
[White "Kovalev, Vladislav"]
[Black "Jakovenko, Dmitry"]
[Result "1/2-1/2"]
[WhiteTitle "GM"]
[BlackTitle "GM"]
[WhiteElo "2662"]
[BlackElo "2698"]
[WhiteFideId "13504398"]
[BlackFideId "4122356"]
[EventDate "2019.12.26"]

1. e4 e5 2. Nf3 Nc6 3. Bb5 Nf6 4. O-O Nxe4 5. Re1 Nd6 6. Nxe5 Be7 7. Bf1 Nxe5 8.
Rxe5 O-O 9. d4 Bf6 10. Re1 Nf5 11. c3 d5 12. Bf4 c6 13. Nd2 Nh4 14. Be5 Bf5 15.
g3 Ng6 16. Bxf6 Qxf6 17. Qh5 Rae8 18. h4 Re6 19. Qg5 Qxg5 20. hxg5 Rfe8 21. Rxe6
Rxe6 22. f3 Re7 23. Kf2 f6 24. gxf6 gxf6 25. Be2 Kg7 26. Rh1 Nf8 27. Nf1 Nd7 28.
Ne3 Bg6 29. Bf1 Nb6 30. b3 Nc8 31. Bh3 Nd6 32. Rc1 Be8 33. Bf1 Bg6 34. Ng2 Kf7
35. Nf4 Nf5 36. c4 Nxd4 37. cxd5 cxd5 38. Nxd5 Rd7 39. Bc4 Kg7 40. Nf4 Bf7 41.
Rd1 Rd6 42. Bxf7 Kxf7 43. Rh1 Kg7 44. Rc1 Nc6 45. Ke3 Rd7 46. a3 Re7+ 47. Kf2
Rd7 48. Ke3 Re7+ 49. Kf2 Rd7 50. b4 Ne5 51. a4 Ng6 52. Ne2 Ne5 53. Nf4 Ng6 54.
Nh5+ Kf7 55. b5 Ne5 56. Nf4 Ng6 57. Rh1 Nxf4 58. Rxh7+ Ke6 59. Rxd7 Kxd7 60.
gxf4 Ke6 61. Kg3 Kf5 62. a5 b6 63. a6 Kg6 64. Kg4 f5+ 65. Kh4 Kh6 66. Kg3 Kg6 1/2-1/2